Stany USA najbliżej Tokio - Statystyki

Ogólne statystyki
  • Ten quiz został rozwiązany 65 razy
  • Średni wynik to 7 z 10
Statystyki odpowiedzi
Mile Stan Kilometry % Poprawnych
4901 Kalifornia 7887
95%
1987 Alaska 3198
85%
4657 Waszyngton 7494
85%
2478 Hawaje 3988
81%
5083 Nevada 8180
79%
4759 Oregon 7659
73%
4935 Idaho 7942
68%
4972 Montana 8002
65%
5333 Utah 8582
58%
5325 Wyoming 8570
47%
Nie znaleziono quizów pasujących do podanych kryteriów
Rozkład punktacji
Procent ludzi z każdym wynikiem
Percentyl według liczby udzielonych odpowiedzi
Twoja historia wyników
Nie rozwiązałeś tego quizu